[Event "CZE-ch U14 Girls"]
[Site "Kouty nad Desnou"]
[Date "2014.03.12"]
[Round "6"]
[White "Vlkova, Anezka"]
[Black "Masakova, Petra"]
[Result "1/2-1/2"]
[WhiteElo "1440"]
[BlackElo "1553"]
[PlyCount "136"]
[EventDate "2014.03.08"]
[EventType "swiss"]
[EventRounds "9"]
[EventCountry "CZE"]
[SourceTitle "EXT 2015"]
[Source "ChessBase"]
[SourceDate "2014.11.20"]
[SourceVersion "1"]
[SourceVersionDate "2014.11.20"]
[SourceQuality "1"]

1. e4 c6 2. Nc3 d5 3. exd5 cxd5 4. d4 Nc6 5. Nf3 Bg4 6. Be2 e6 7. 0-0 Bxf3 8. Bxf3 Qb6 9. Ne2 Bd6 10. b3 Nf6 11. c4 Qd8 12. Bb2 0-0 13. Ng3 Qd7 14. cxd5 exd5 15. Qd2 Rac8 16. Qg5 h6 17. Qh4 Bb8 18. Bc1 Qd8 19. Nf5 Nh7 20. Qg4 Ng5 21. Kh1 Kh7 22. h4 Ne6 23. Re1 Rg8 24. Qh5 Qd7 25. Nxh6 g6 26. Qxd5 Qxd5 27. Bxd5 Rgd8 28. Bxe6 fxe6 29. Bg5 Rxd4 30. Rxe6 Bf4 31. g3 Be5 32. Re1 Bg7 33. Nf7 Rf8 34. Nd6 Rd5 35. Nxb7 Nd4 36. Rd6 Rb5 37. Rd7 Nf5 38. Rde7 Nxe7 39. Rxe7 Kg8 40. Nd6 Rd5 41. Ne8 Bb2 42. Kg2 Bd4 43. Bf4 Bc5 44. Re2 Bb6 45. Bg5 Bd4 46. Nc7 Rdf5 47. Bf4 Bb6 48. a4 Rxf4 49. gxf4 Bxc7 50. Re6 Kg7 51. Re7+ Rf7 52. Re6 Rxf4 53. f3 Kf7 54. Rc6 Bb6 55. Kg3 Rb4 56. Rc3 Rd4 57. Rc1 Bd8 58. Kg2 Rxh4 59. Rd1 Bb6 60. Rd7+ Ke6 61. Rg7 Kf6 62. Rd7 Rd4 63. Rb7 Rd2+ 64. Kg3 Rb2 65. Kh3 Rb1 66. a5 Rxb3 67. axb6 axb6 68. Kg4 b5 1/2-1/2

[Event "CZE-ch U12 Girls"]
[Site "Kouty nad Desnou"]
[Date "2013.03.15"]
[Round "8"]
[White "Vrbova, Eva"]
[Black "Masakova, Petra"]
[Result "1/2-1/2"]
[WhiteElo "1430"]
[BlackElo "1589"]
[PlyCount "50"]
[EventDate "2013.03.09"]
[EventType "swiss"]
[EventRounds "9"]
[EventCountry "CZE"]
[SourceTitle "EXT 2015"]
[Source "ChessBase"]
[SourceDate "2014.11.20"]
[SourceVersion "1"]
[SourceVersionDate "2014.11.20"]
[SourceQuality "1"]

1. e4 c6 2. d4 d5 3. Nc3 dxe4 4. Nxe4 Bf5 5. Ng3 Bg6 6. Nf3 Nd7 7. Bc4 e6 8. 0-0 Bd6 9. c3 Ngf6 10. Re1 0-0 11. Bg5 Qb6 12. Qb3 Qxb3 13. Bxb3 h6 14. Bd2 Rac8 15. Rad1 Rfd8 16. Be3 Bh7 17. Re2 Nd5 18. c4 Nxe3 19. Rxe3 Nf6 20. Re2 Bf4 21. a3 b6 22. Bc2 Bxc2 23. Rxc2 c5 24. Ne2 Bb8 25. Rcd2 Re8 1/2-1/2

[Event "CZE-ch U12 Girls"]
[Site "Kouty nad Desnou"]
[Date "2013.03.12"]
[Round "5"]
[White "Nemcova, Karin"]
[Black "Masakova, Petra"]
[Result "0-1"]
[WhiteElo "1659"]
[BlackElo "1589"]
[PlyCount "62"]
[EventDate "2013.03.09"]
[EventType "swiss"]
[EventRounds "9"]
[EventCountry "CZE"]
[SourceTitle "EXT 2015"]
[Source "ChessBase"]
[SourceDate "2014.11.20"]
[SourceVersion "1"]
[SourceVersionDate "2014.11.20"]
[SourceQuality "1"]

1. e4 c6 2. d4 d5 3. Nc3 dxe4 4. Nxe4 Bf5 5. Ng3 Bg6 6. Nf3 Nd7 7. Bc4 e6 8. 0-0 Ngf6 9. Qe2 Qc7 10. c3 Bd6 11. Bd2 0-0 12. Nh4 Rfe8 13. Nxg6 hxg6 14. Bb3 e5 15. dxe5 Nxe5 16. Qd1 Rad8 17. Qc2 Bc5 18. Rad1 Qb6 19. Bg5 Rxd1 20. Rxd1 Nfg4 21. Rf1 Nf6 22. h3 Ned7 23. Qxg6 Ne5 24. Qc2 Nd5 25. Ne4 Be7 26. Rd1 Bxg5 27. Nxg5 Ng6 28. Qf5 Qc7 29. Bxd5 cxd5 30. Qxd5 a6 31. Qd7 Re1+ 0-1

[Event "CZE-chTE U20 1213"]
[Site "Czech Republic"]
[Date "2012.11.21"]
[Round "5.6"]
[White "Masakova, Petra"]
[Black "Krcil, Ales1111"]
[Result "0-1"]
[WhiteElo "1562"]
[BlackElo "1717"]
[PlyCount "50"]
[EventDate "2012.10.06"]
[EventType "team-tourn"]
[EventRounds "11"]
[EventCountry "CZE"]
[SourceTitle "EXT 2015"]
[Source "ChessBase"]
[SourceDate "2014.11.20"]
[SourceVersion "1"]
[SourceVersionDate "2014.11.20"]
[SourceQuality "1"]
[WhiteTeam "Brno Duras (U20)"]
[BlackTeam "Namest nad Oslavou (U20)"]
[WhiteTeamCountry "CZE"]
[BlackTeamCountry "CZE"]

1. c4 Nf6 2. Nc3 g6 3. Nf3 Bg7 4. d3 d6 5. e3 Nc6 6. a3 e5 7. Be2 Be6 8. Qb3 Qc8 9. 0-0 0-0 10. Qc2 a5 11. Bd2 Nd7 12. Rfb1 Nc5 13. Na4 Nxa4 14. Qxa4 f5 15. Qc2 Qd7 16. Ng5 Kh8 17. Nxe6 Qxe6 18. Bc3 f4 19. Rf1 g5 20. h3 f3 21. Bxf3 Rxf3 22. gxf3 Qxh3 23. Qe2 Rf8 24. f4 gxf4 25. exf4 Bf6 0-1

[Event "CZE-chTE U20 1213"]
[Site "Czech Republic"]
[Date "2012.10.07"]
[Round "3.6"]
[White "Masakova, Petra"]
[Black "Foucek, Simon"]
[Result "0-1"]
[WhiteElo "1562"]
[BlackElo "1575"]
[PlyCount "96"]
[EventDate "2012.10.06"]
[EventType "team-tourn"]
[EventRounds "11"]
[EventCountry "CZE"]
[SourceTitle "EXT 2015"]
[Source "ChessBase"]
[SourceDate "2014.11.20"]
[SourceVersion "1"]
[SourceVersionDate "2014.11.20"]
[SourceQuality "1"]
[WhiteTeam "Brno Duras (U20)"]
[BlackTeam "Brno Lokomotiva (U20)"]
[WhiteTeamCountry "CZE"]
[BlackTeamCountry "CZE"]

1. d4 c5 2. Nf3 e6 3. e4 cxd4 4. Nxd4 a6 5. Nc3 Qc7 6. a3 Nf6 7. f3 b5 8. Be3 Bb7 9. Qd2 Be7 10. 0-0-0 b4 11. axb4 Bxb4 12. Nde2 Nc6 13. Bf4 e5 14. Be3 a5 15. Kb1 Qb8 16. Bg5 d6 17. Bxf6 gxf6 18. Qe3 Ne7 19. Nc1 Bc6 20. N3a2 Bc5 21. Qb3 Qc7 22. Bc4 Rf8 23. Bb5 a4 24. Bxc6+ Qxc6 25. Qc4 Rb8 26. Nd3 a3 27. b3 Bd4 28. Qxc6+ Nxc6 29. Rhf1 Ke7 30. f4 Rb7 31. Rf3 Rfb8 32. Nac1 Ra8 33. Ka2 Na7 34. Ne2 Nb5 35. Ne1 Bb2 36. h4 Rc7 37. Rdd3 Rac8 38. c4 Nd4 39. Nxd4 Bxd4 40. f5 Rg8 41. Rg3 Rxg3 42. Rxg3 Bf2 43. Rg7 Bxe1 44. Rxh7 Bb4 45. g4 Rc8 46. h5 Rg8 47. h6 Rxg4 48. Rg7 Rh4 0-1

[Event "Tatry op"]
[Site "Tatranske Zruby"]
[Date "2012.09.28"]
[Round "7"]
[White "Houdek, Daniel"]
[Black "Masakova, Petra"]
[Result "1-0"]
[WhiteElo "1874"]
[BlackElo "1562"]
[PlyCount "57"]
[EventDate "2012.09.23"]
[EventType "swiss"]
[EventRounds "9"]
[EventCountry "SVK"]
[SourceTitle "EXT 2023"]
[Source "ChessBase"]
[SourceDate "2022.10.05"]
[SourceVersion "1"]
[SourceVersionDate "2022.10.05"]
[SourceQuality "1"]

1. Nf3 d5 2. d4 e6 3. c4 Nf6 4. g3 Be7 5. Bg2 0-0 6. 0-0 c6 7. b3 Nbd7 8. Nc3 b6 9. Bb2 Bb7 10. Rc1 Rc8 11. Qd3 c5 12. cxd5 exd5 13. dxc5 Nxc5 14. Qf5 Qd7 15. Nd4 Rfe8 16. Rfd1 Ne6 17. Bh3 Nxd4 18. Rxd4 Bc5 19. Rh4 Qxf5 20. Bxf5 Rc6 21. Nb5 Be7 22. Rxc6 Bxc6 23. Nxa7 Bd7 24. Bxd7 Nxd7 25. Rg4 Nf6 26. Ra4 Ne4 27. Nc6 Nc5 28. Nxe7+ Rxe7 29. Ra8+ 1-0

[Event "CZE-ch U10 Girls"]
[Site "Kouty nad Desnou"]
[Date "2011.03.18"]
[Round "8"]
[White "Kopcova, Ludmila"]
[Black "Masakova, Petra"]
[Result "1/2-1/2"]
[WhiteElo "1250"]
[BlackElo "1100"]
[PlyCount "115"]
[EventDate "2011.03.12"]
[EventType "swiss"]
[EventRounds "9"]
[EventCountry "CZE"]
[SourceTitle "EXT 2014"]
[Source "ChessBase"]
[SourceDate "2013.11.20"]
[SourceVersion "1"]
[SourceVersionDate "2013.11.20"]
[SourceQuality "1"]

1. e4 c5 2. Nf3 d6 3. Bb5+ Bd7 4. Bxd7+ Qxd7 5. c4 Nf6 6. Nc3 a6 7. d4 cxd4 8. Nxd4 e6 9. f3 Be7 10. 0-0 0-0 11. Be3 Nc6 12. Qd2 Rac8 13. b3 Rc7 14. Rac1 Rfc8 15. Nde2 Qe8 16. Na4 Nd7 17. c5 dxc5 18. Nxc5 Nxc5 19. Bxc5 Bxc5+ 20. Rxc5 Rd7 21. Qb2 Nb4 22. Rxc8 Qxc8 23. Qc3 Qxc3 24. Nxc3 Rd3 25. Rd1 Rxd1+ 26. Nxd1 Nxa2 27. Ne3 Nc1 28. b4 Kf8 29. Kf2 Nd3+ 30. Ke2 Nxb4 31. Kd2 Ke7 32. Kc3 a5 33. Kc4 Nc6 34. Kb5 Kd7 35. Nc4 Kc7 36. Nxa5 Nxa5 37. Kxa5 Kc6 38. Kb4 b5 39. g3 g6 40. e5 Kd5 41. f4 Ke4 42. Kxb5 Kf3 43. Kc6 Kg2 44. Kd7 Kxh2 45. Ke7 Kxg3 46. Kxf7 Kxf4 47. Kxe6 g5 48. Kf6 g4 49. e6 g3 50. e7 g2 51. e8Q g1Q 52. Qe5+ Kf3 53. Qf5+ Ke2 54. Qc2+ Kf3 55. Qd3+ Qe3 56. Qxe3+ Kxe3 57. Kg5 h5 58. Kxh5 1/2-1/2

[Event "CZE-ch U10 Girls"]
[Site "Kouty nad Desnou"]
[Date "2011.03.17"]
[Round "7"]
[White "Masakova, Petra"]
[Black "Petraskova, Zuzana"]
[Result "1/2-1/2"]
[WhiteElo "1100"]
[BlackElo "1250"]
[PlyCount "66"]
[EventDate "2011.03.12"]
[EventType "swiss"]
[EventRounds "9"]
[EventCountry "CZE"]
[SourceTitle "EXT 2014"]
[Source "ChessBase"]
[SourceDate "2013.11.20"]
[SourceVersion "1"]
[SourceVersionDate "2013.11.20"]
[SourceQuality "1"]

1. d4 e6 2. Bf4 d5 3. Nf3 Nf6 4. e3 c5 5. Bb5+ Bd7 6. Bxd7+ Qxd7 7. 0-0 Nc6 8. c3 Be7 9. Nbd2 0-0 10. Qc2 Rfe8 11. Rad1 Bd6 12. Be5 Qd8 13. Rfe1 Bxe5 14. dxe5 Ng4 15. Nc4 Qc7 16. Ncd2 Ncxe5 17. Nxe5 Nxe5 18. e4 Ng4 19. g3 Qe5 20. exd5 Qxd5 21. Qe4 Qh5 22. h4 Rab8 23. Nb3 Nf6 24. Qe5 Qxe5 25. Rxe5 b6 26. Kg2 Red8 27. Rxd8+ Rxd8 28. f3 c4 29. Nd4 Nd7 30. Re4 Nc5 31. Re2 Na4 32. Nc6 Rd7 33. Re4 Nxb2 1/2-1/2

[Event "CZE-ch U10 Girls"]
[Site "Kouty nad Desnou"]
[Date "2011.03.16"]
[Round "6"]
[White "Kanokova, Martina"]
[Black "Masakova, Petra"]
[Result "0-1"]
[WhiteElo "1250"]
[BlackElo "1100"]
[PlyCount "66"]
[EventDate "2011.03.12"]
[EventType "swiss"]
[EventRounds "9"]
[EventCountry "CZE"]
[SourceTitle "EXT 2014"]
[Source "ChessBase"]
[SourceDate "2013.11.20"]
[SourceVersion "1"]
[SourceVersionDate "2013.11.20"]
[SourceQuality "1"]

1. e4 c5 2. Nf3 d6 3. d4 cxd4 4. Nxd4 Nf6 5. Nc3 e6 6. f4 Be7 7. Bd3 0-0 8. 0-0 Nc6 9. Nf3 a6 10. Qe1 b5 11. Qg3 Bb7 12. f5 Ne8 13. Bh6 Kh8 14. Be3 Rc8 15. Qh3 Qd7 16. fxe6 Qxe6 17. Qh5 Nf6 18. Qh4 Ng4 19. Qg3 Nxe3 20. Rf2 Qg4 21. Qxg4 Nxg4 22. Re2 Nce5 23. h3 Nxf3+ 24. gxf3 Ne5 25. f4 Nxd3 26. cxd3 Rfe8 27. Rc1 b4 28. Rb1 bxc3 29. bxc3 Ba8 30. c4 Bf6 31. Rc1 Bd4+ 32. Kg2 f6 33. Kh2 d5 0-1

[Event "CZE-ch U10 Girls"]
[Site "Kouty nad Desnou"]
[Date "2010.03.12"]
[Round "8"]
[White "Vitova, Anna"]
[Black "Masakova, Petra"]
[Result "1/2-1/2"]
[WhiteElo "1250"]
[BlackElo "1100"]
[PlyCount "76"]
[EventDate "2010.03.06"]
[EventType "swiss"]
[EventRounds "9"]
[EventCountry "CZE"]
[SourceTitle "EXT 2012"]
[Source "ChessBase"]
[SourceDate "2011.11.24"]
[SourceVersion "1"]
[SourceVersionDate "2011.11.24"]
[SourceQuality "1"]

1. e4 c5 2. Nf3 d6 3. d4 cxd4 4. Nxd4 Nf6 5. Nc3 g6 6. Be3 Bg7 7. f3 0-0 8. Qd2 Nc6 9. 0-0-0 Bd7 10. h4 Rc8 11. g4 h5 12. gxh5 Nxh5 13. Bh6 Nxd4 14. Bxg7 Nxf3 15. Qe3 Nxg7 16. Qxf3 f5 17. exf5 Bc6 18. Nd5 Rxf5 19. Qb3 e6 20. Bg2 Qa5 21. Ne7+ Kh8 22. Nxc8 Bxg2 23. Nxd6 Rf3 24. Nxb7 Qa6 25. Rd6 Rxb3 26. Rxa6 Bxb7 27. cxb3 Bxa6 28. Rg1 Kh7 29. Kd2 Kh6 30. Rh1 Kh5 31. Ke3 Nf5+ 32. Kf4 Nxh4 33. Kg3 g5 34. Re1 Nf5+ 35. Kh3 Bc8 36. a4 Nd4 37. b4 Nc2 38. Re4 e5+ 1/2-1/2

[Event "CZE-ch U10 Girls"]
[Site "Kouty nad Desnou"]
[Date "2010.03.08"]
[Round "4"]
[White "Valencikova, Sandra"]
[Black "Masakova, Petra"]
[Result "1-0"]
[WhiteElo "1000"]
[BlackElo "1100"]
[PlyCount "39"]
[EventDate "2010.03.06"]
[EventType "swiss"]
[EventRounds "9"]
[EventCountry "CZE"]
[SourceTitle "EXT 2012"]
[Source "ChessBase"]
[SourceDate "2011.11.24"]
[SourceVersion "1"]
[SourceVersionDate "2011.11.24"]
[SourceQuality "1"]

1. e4 c5 2. Nf3 d6 3. d4 cxd4 4. Nxd4 Nf6 5. Nc3 g6 6. f3 Bg7 7. Be3 0-0 8. Qd2 Nc6 9. Bc4 Bd7 10. 0-0-0 Rc8 11. Bb3 a6 12. g4 Ne5 13. h4 b5 14. h5 Ne8 15. Bh6 Bxh6 16. Qxh6 Qc7 17. hxg6 Nf6 18. g5 d5 19. gxf6 Nd3+ 20. Rxd3 1-0

[Event "CZE-ch U10 Girls"]
[Site "Kouty nad Desnou"]
[Date "2010.03.07"]
[Round "2"]
[White "Rerabkova, Eliska"]
[Black "Masakova, Petra"]
[Result "1/2-1/2"]
[WhiteElo "1250"]
[BlackElo "1100"]
[PlyCount "93"]
[EventDate "2010.03.06"]
[EventType "swiss"]
[EventRounds "9"]
[EventCountry "CZE"]
[SourceTitle "EXT 2012"]
[Source "ChessBase"]
[SourceDate "2011.11.24"]
[SourceVersion "1"]
[SourceVersionDate "2011.11.24"]
[SourceQuality "1"]

1. e4 c5 2. Nf3 d6 3. d4 cxd4 4. Nxd4 Nf6 5. Nc3 g6 6. Bb5+ Bd7 7. Bxd7+ Nbxd7 8. Bg5 Bg7 9. 0-0 0-0 10. Qf3 Rc8 11. Rad1 Ne5 12. Qe2 Nc4 13. b3 Nb2 14. Rb1 Rxc3 15. Rxb2 Nd7 16. Rd1 Nc5 17. Qg4 h6 18. Be3 Qd7 19. Qxd7 Nxd7 20. Rbb1 Bxd4 21. Bxd4 Rxc2 22. Rbc1 Rxa2 23. Rc3 Re2 24. Rdc1 Rxe4 25. Rc4 b5 26. Rb4 a5 27. Rxb5 Rxd4 28. Rxa5 Rb8 29. Ra4 Rxa4 30. bxa4 Ra8 31. Ra1 Nc5 32. a5 Nb3 33. Re1 Rxa5 34. Kf1 e5 35. Ke2 Ra1 36. Rxa1 Nxa1 37. Kd3 Nb3 38. Kc4 Nd2+ 39. Kd5 e4 40. Kxd6 Kf8 41. Ke5 Nf1 42. h3 f5 43. Kd4 Ke7 44. g4 Nh2 45. gxf5 gxf5 46. Ke5 Nf1 47. Kxf5 1/2-1/2